000 00307nam a2200133Ia 4500
005 20251222143142.0
008 251222s9999||||xx |||||||||||||| ||spa||
020 _a8483712717
082 _a739/U61
245 0 _aEstudios de Plateria
250 _a1ra.ed.
264 _bUniversidad de Murcia
942 _cLIB
999 _c12350
_d12350